000 01499nam a2200313 i 4500
003 EG-GICUC
005 20260121101331.0
008 251122k19801981ua ||||fr|||| 001 0 ara d
040 _a EG-GICUC
_bara
_c EG-GICUC
_d EG-GICUC
_erda
041 _aara
082 0 4 _a343.4
_bأ ن . ق
_221
092 0 4 _221
099 _aLaw1 10 343.4 أ ن . ق 3 ed - 1981 1006874
100 0 _aأنور العمروسي.
_eمؤلف.
245 1 0 _aقيود وأوصاف ونصوص وعقوبات التشريعات الجنائية الخاصة المعدلة وقانون العقوبات المعدل :
_bالقوانين والقرارات واللوائح الجنائية وفقا لآخر التعديلات بالقيود والأوصاف وأحكام النقض الحديثة على طريقة هجائية (ابجدية) بفهارس تفصيلية.
_nالمجلد الأول /
_cأنور العمروسي.
250 _aالطبعة الثالثة،
264 1 _aالقاهرة :
_bنادي القضاة،
_c1981.
300 _a800 صفحة ؛
_c24 سم.
336 _2rda content
_atext
337 _2rda media
_aComputer
338 _2rda carrier
_aOnline Resource
504 _aيشتمل على ارجاعات ببليوجرافية.
546 _aالنص باللغة العربية
650 1 _aالتشريعات الجنائية الخاصة.
_2qrmak
651 1 _2qrmak
856 4 0 _uhttps://fll.law.cu.edu.eg/fulltext/bks/B10-06874.pdf
905 _a18
942 _2ddc
_n0
_cBK
_e21
999 _c45278
_d45278